000 00399 a2200157 4500
001 76155
020 _a9788541820073
040 _cAnchieta - Colégio São Paulo
100 _aGarcia, Jacqueline da Silva Ribeiro
240 1 0 _aVamos aprender matemática, 4º ano
_lpor
245 1 0 _aVamos aprender matemática, 4º ano
300 _a256
362 0 _a2017
650 4 _aMatemática
942 _cBK
999 _c76155
_d76155